Ekonómia piva
Pivo ako statok v ekonomickom vedeckom výskume. Najčastejšie sa skúma z mikroekonomického hľadiska, či už ako spotrebný statok, alebo ako samostatný trh. Rozmiestnenie štyroch najväčších producentov piv. Pivovarnícky priemysel na Slovensku.
Salvato in:
| Autore principale: | |
|---|---|
| Natura: | Capitolo di libro |
| Lingua: | slovacco |
| Soggetti: | |
| Tags: |
Nessun Tag, puoi essere il primo ad aggiungerne!!
|
MARC
| LEADER | 00000naa a2200000 4500 | ||
|---|---|---|---|
| 001 | 0258106 | ||
| 005 | 20240502074104.7 | ||
| 041 | 0 | |a slo | |
| 044 | |a SK | ||
| 245 | 1 | 0 | |a Ekonómia piva |c Peter Mandžák |
| 520 | |a Pivo ako statok v ekonomickom vedeckom výskume. Najčastejšie sa skúma z mikroekonomického hľadiska, či už ako spotrebný statok, alebo ako samostatný trh. Rozmiestnenie štyroch najväčších producentov piv. Pivovarnícky priemysel na Slovensku. | ||
| 610 | 2 | 0 | |a Slovensko |
| 610 | 2 | 0 | |a pivo |
| 610 | 2 | 0 | |a pivovarníctvo |
| 610 | 2 | 0 | |a analýza ekonomická |
| 610 | 2 | 0 | |a trh spotrebiteľský |
| 610 | 2 | 0 | |a statky spotrebné |
| 100 | 1 | |a Mandžák, Peter | |